Plano-convex bricks and the methods of their employment /

محفوظ في:

المؤلف الرئيسي: Delougaz, Pinhas (مؤلف)

التنسيق: كتاب

اللغة: English

منشور في: Chicago : The University of Chicago press, [©1933].

سلاسل: Studies in Ancient Oriental Civilization ; 7.
SAOC ; 7.

الموضوعات:

الوسوم: إضافة وسم

لا توجد وسوم, كن أول من يضع وسما على هذه التسجيلة!

رقم الطلب: DS57 .C5 v.7

LEADER 01041namaa2200301 4500
001 12516
003 OSt
005 20250406124755.0
008 130303s1933 iluae b 000 0 eng d
010 |a 34000401 
040 |c ARCE Library 
043 |a a-iq--- 
050 4 |a DS57 .C5 v.7 
100 1 |a Delougaz, Pinhas,  |e author  |9 28876 
245 1 0 |a Plano-convex bricks and the methods of their employment /   |c by P. Delougaz. The treatment of clay tablets in the field / by P. Delougaz.  |h   
264 1 |a Chicago :   |b The University of Chicago press,   |c [©1933]. 
300 |a xi, 57 pages :   |b illustrations, folded plan ;   |c 25 cm. 
490 1 |a Studies in Ancient Oriental Civilization ;   |v 7. 
490 1 |a SAOC ;   |v 7. 
504 |a Includes bibliographical footnotes. 
650 0 |a Antiquities  |x Collection and preservation. 
650 0 |a Architecture  |z Iraq. 
650 0 |a Brickmaking.  |9 6993 
830 0 |a Studies in Ancient Oriental Civilization ;   |v 7. 
830 0 |a SAOC ;   |v 7. 
901 |a reviewed 
942 |c BK  |2 lcc 
999 |c 12752  |d 12752